UM Logo
Normal view MARC view
  • Martinez, Jerard Noel M.

Entry Personal Name

Number of records used in: 2

001 - CONTROL NUMBER

  • control field: 62649

003 - CONTROL NUMBER IDENTIFIER

  • control field: OSt

005 - DATE AND TIME OF LATEST TRANSACTION

  • control field: 20241010083921.0

008 - FIXED-LENGTH DATA ELEMENTS

  • fixed length control field: 241010|| aca||aabn | a|a d

040 ## - CATALOGING SOURCE

  • Original cataloging agency: OSt

100 ## - HEADING--PERSONAL NAME

  • Personal name: Martinez, Jerard Noel M.